000 01412cab a2200313 4500
001 X1045
008 090401t1993 xxu||||| |||| 00| 0 eng d
035 _a(Sirsi) u14391
041 _aeng
245 _aBasingstoke and Deane BC and The Macklin Partnersip
260 _c1993
350 _a0
490 _aPlanning Appeal Decisions
_v(1993) 8 PAD 515-520(6)
520 _aInquiry 27 April 1993. Decision letter 24 May 1993. Agricultural worker`s dwelling - agricultural occupancy condition not only on proposed new dwelling but on pre-existing farmhouse - structure and local plans - whether functioal requirement - risk of pressure for new houses - tests for vaidilty of planning conditions - poultry rearing enterprise on 2 farms totalling 120 ha - financial effect of condition on farmhouse - condition necessary, relevant and reasonable.
650 _aAGRICULTURAL DWELLINGS
650 _aAGRICULTURAL OCCUPANCY
650 _aDOE CIRCULAR 01/1985
650 _aPLANNING APPEAL
650 _aPOULTRY FARMS
650 _aPPG7
650 _aTOWN AND COUNTRY PLANNING ACT 1990 S106
650 _aTOWN AND COUNTRY PLANNING ACT 1990 S336(1)
650 _aTOWN AND COUNTRY PLANNING ACT 1990 S56(A)
650 _aTOWN AND COUNTRY PLANNING ACT 1990 S70
650 _aTOWN AND COUNTRY PLANNING ACT 1990 S79
690 _aPLANNING LAW AND PRACTICE-CASE LAW
942 _n0
948 _c04/03/1997
999 _c9371
_d9371